A study of language expressions used as politeness strategies in english refusal business letters /

Na minha lista:
Detalhes bibliográficos
Autor principal: Nguyễn,Thị Thảo
Formato: Livro
Idioma:English
Publicado em: ĐHNN, 2016.
Assuntos:
Tags: Adicionar Tag
Sem tags, seja o primeiro a adicionar uma tag!
Thư viện lưu trữ: Mạng thư viện Đại học Đà Nẵng
LEADER 02547nam a22003731a 4500
001 000041173
003 17469
005 20240619151842.0
008 170308s2016 vm 000 eng
041 |a eng 
082 |a 401  |b NG-T 
100 |a Nguyễn,Thị Thảo 
245 2 |a A study of language expressions used as politeness strategies in english refusal business letters /  |c Nguyễn Thị Thảo. 
260 |a ĐHNN,  |c 2016. 
300 |a 69tr . : ill ; 30cm. 
650 |a language expressions 
852 |c politeness strategies 
OWN |a LNN 
AVA |a UDN50  |b LNN  |c English  |d 401 NG-T  |e available  |t Error 5001 Not defined in file expand_doc_bib_avail.  |f 1  |g 0  |h N  |i 0  |j AN  |k 1 
Z40 3 |y A STUDY OF LANGUAGE EXPRESSIONS USED AS POLITENESS STRATEGIES IN ENGLISH REFUSAL BUSINESS LETTERS  |l Library of UFL  |t VIEW  |x http://catalog.udn.vn:80/F?func=service&doc_library=UDN01&local_base=UDN01&doc_number=000041173&sequence=000001&line_number=0001&func_code=DB_RECORDS&service_type=MEDIA  |f TOMTAT_000007998.pdf  |e pdf  |s 000856067  |k 20200913  |m NTMTHI 
Z40 3 |y A STUDY OF LANGUAGE EXPRESSIONS USED AS POLITENESS STRATEGIES IN ENGLISH REFUSAL BUSINESS LETTERS  |l Library of UFL  |t VIEW  |x http://catalog.udn.vn:80/F?func=service&doc_library=UDN01&local_base=UDN01&doc_number=000041173&sequence=000002&line_number=0002&func_code=DB_RECORDS&service_type=MEDIA  |f LUANVAN_000008000.pdf  |e pdf  |s 002313838  |k 20200913  |m NTMTHI 
999 |a From the UDN01 
AVA |a UDN50  |b LNN  |c English  |d 401 NG-T  |e available  |t Error 5001 Not defined in file expand_doc_bib_avail.  |f 1  |g 0  |h N  |i 0  |j AN  |k 1 
TYP |a Monograph 
TYP |a Printed language 
856 |y A STUDY OF LANGUAGE EXPRESSIONS USED AS POLITENESS STRATEGIES IN ENGLISH REFUSAL BUSINESS LETTERS  |l Library of UFL  |t VIEW  |x http://catalog.udn.vn:80/F?func=service&doc_library=UDN01&local_base=UDN01&doc_number=000041173&sequence=000001&line_number=0001&func_code=DB_RECORDS&service_type=MEDIA  |f TOMTAT_000007998.pdf  |e pdf  |s 000856067  |k 20200913  |m NTMTHI 
856 |y A STUDY OF LANGUAGE EXPRESSIONS USED AS POLITENESS STRATEGIES IN ENGLISH REFUSAL BUSINESS LETTERS  |l Library of UFL  |t VIEW  |x http://catalog.udn.vn:80/F?func=service&doc_library=UDN01&local_base=UDN01&doc_number=000041173&sequence=000002&line_number=0002&func_code=DB_RECORDS&service_type=MEDIA  |f LUANVAN_000008000.pdf  |e pdf  |s 002313838  |k 20200913  |m NTMTHI 
980 |a Mạng thư viện Đại học Đà Nẵng